Statistics for Russia Asian Cities Map Quiz

Click here to take the quiz!

General Stats

  • This quiz has been taken 169 times
  • The average score is 13 of 22

Answers on the Map

Answers color-coded by a green-red scale on the quiz's map according to % correct below.
 

Answer Stats

Population ('000)City% Correct
587Vladivostok
95%
1 499Novosibirsk
92%
1 160Omsk
91%
1 384Yekaterinburg
89%
1 162Chelyabinsk
83%
577Irkutsk
83%
326Yakutsk
73%
1 017Krasnoyarsk
71%
352Sochi
71%
551Tomsk
68%
567Khabarovsk
56%
542Orenburg
55%
440Ulan-Ude
53%
614Barnaul
50%
640Tyumen
48%
327Chita
45%
531Kemerovo
41%
394Magnitogorsk
34%
320Kurgan
32%
322Surgut
29%
336Nizhny Tagil
24%
540Novokuznetsk
22%

Score Distribution

Percentile by Number Answered

Percent of People with Each Score

Your Score History

You have not taken this quiz